000 00737nam a2200253Ia 4500
001 dia_2862
003 CHAP
005 20260223121544.0
008 220117s1977 xx 000 0 und d
010 _a173360
040 _cCHAP
082 _a664.8 m6
100 1 _aMoctezuma López, Georgel
_976402
245 _aDiagrama de flujo de procesos agroindustraiales /
_c Georgel Moctezuma López
260 _aChapingo, México , Patena
_c1977
300 _a50 p.
500 _aD.
650 _aAlimentos
_xProcesados
_9153627
650 _aDiagrama de flujo i.t. ii. ena. Patronato
_9153628
901 _a664.8 M6
902 _aM
905 _a0000001977 sp A 0000000000spa00
942 _cLIBRO
_2ddc
999 _c173360
_d173360